Estudio económico sobre el problema del petróleo en Colombia / (Registro nro. 12434)

Detalles MARC
000 -LEADER
fixed length control field 01004nam a2200217Ia 4500
003 - CONTROL NUMBER IDENTIFIER
control field OSt
005 - DATE AND TIME OF LATEST TRANSACTION
control field 20210910132237.0
008 - FIXED-LENGTH DATA ELEMENTS--GENERAL INFORMATION
fixed length control field 210310s1930 ck ad gr 000 0 spa d
040 ## - CATALOGING SOURCE
Original cataloging agency CO-JMCR
Transcribing agency CO-JMCR
041 0# - LANGUAGE CODE
Language code of text/sound track or separate title spa
082 04 - DEWEY DECIMAL CLASSIFICATION NUMBER
Classification number 338.27282 /
Item number G659e
Edition number 23
100 1# - MAIN ENTRY--PERSONAL NAME
Personal name Gonzalez B., Sady,
Relator term autora
9 (RLIN) 28227
245 10 - TITLE STATEMENT
Title Estudio económico sobre el problema del petróleo en Colombia /
Statement of responsibility, etc. Sady Gonzalez B.
260 ## - PUBLICATION, DISTRIBUTION, ETC.
Place of publication, distribution, etc. Bogotá :
Name of publisher, distributor, etc. Escuela tipográfica salesiana,
Date of publication, distribution, etc. 1930.
300 ## - PHYSICAL DESCRIPTION
Extent 70 páginas :
Other physical details ilustraciones y gráficas en blanco y negro ;
Dimensions 23 cm.
505 0# - FORMATTED CONTENTS NOTE
Formatted contents note Generalidades. -- La industria del petróleo en Colombia. -- Valor y precio del curdo y refinados. -- Puntos de vista del problema del petróleo en Colombia. -- Impuestos al petróleo. -- Observaciones al proyecto de ley del petróleo.
650 14 - SUBJECT ADDED ENTRY--TOPICAL TERM
Topical term or geographic name entry element Petróleo
Geographic subdivision Colombia
Chronological subdivision 1930
9 (RLIN) 28229
650 24 - SUBJECT ADDED ENTRY--TOPICAL TERM
Topical term or geographic name entry element Problemas
Form subdivision Petróleo
Chronological subdivision 1930.
Geographic subdivision Colombia
9 (RLIN) 40242
650 24 - SUBJECT ADDED ENTRY--TOPICAL TERM
Topical term or geographic name entry element Impuestos al petróleo
Chronological subdivision 1930.
Geographic subdivision Colombia
9 (RLIN) 40243
942 ## - ADDED ENTRY ELEMENTS (KOHA)
Source of classification or shelving scheme Dewey Decimal Classification
Koha item type Books
Existencias
Withdrawn status Lost status Source of classification or shelving scheme Damaged status Not for loan Home library Current library Shelving location Date acquired Source of acquisition Full call number Barcode Date last seen Copy number Price effective from Koha item type
    Dewey Decimal Classification     Biblioteca Pública José María del Castillo y Rada Biblioteca Pública José María del Castillo y Rada General Stacks 04/15/2018 Donación 338.27282 / G659e 430005290 05/16/2024 Ej.1 03/10/2021 Books